LEADER 01619nam a2200253 a 4500 001 000000128738 003 CaOOAMICUS 005 20120507161936.0 008 120507m19501952it u000 u ita r 040 $aPUL$bita 110 1 $aItalia.$bSenato della Repubblica.$0(OLS)http://pul/name/75567 245 10$aResoconto dei lavori dell'assemblea e delle commissioni /$cSenato della Repubblica. 260 $aRoma :$bdal segretariato generale-ufficio studi legislativi,$c1950-1952. 300 $a4 v. ;$c30 cm. 505 1 $aV.1. Dall'8 maggio 1948 al 7 maggio 1950. -- v.2. Dall'8 maggio 1948 al 31 dicembre 1950. -- v.3. Dall'8 maggio 1948 al 10 agosto 1951. -- v.4. Dall'8 maggio 1948 al 31 dicembre 1951. 850 $aPUL 852 $aPUL$W1$xDP2 Diritto e Scienze Sociali 1$y65$m168 C 23.1$j149104$av.1$qStampati$B147633$CPULBib$Z2$F147633 $H26854 $82 852 $aPUL$W1$xDP2 Diritto e Scienze Sociali 1$y65$m168 C 23.2$j149105$av.2$qStampati$B147634$CPULBib$Z2$F147634 $H26855 $82 852 $aPUL$W1$xDP2 Diritto e Scienze Sociali 1$y65$m168 C 23.3$j149106$av.3$qStampati$B147635$CPULBib$Z2$F147635 $H26856 $82 852 $aPUL$W1$xDP2 Diritto e Scienze Sociali 1$y65$m168 C 23.4$j149107$av.4$qStampati$B147636$CPULBib$Z2$F147636 $H26857 $82 941 1 $a8 996 $6245$aResoconto dei lavori dell'assemblea e delle commissioni$9(OLS)http://pul/title/162683 996 $6260$aRoma :$bdal segretariato generale-ufficio studi legislativi$9(OLS)http://pul/publisher/81982 LEADER 01454nam a2200265 a 4500 001 000000166455 003 CaOOAMICUS 005 20180307122005.0 008 180307s2017 it frm z000 u ita r 032 $aLibriCat 040 $aPUL$bita 100 1 $aRossi, Valfredo Maria.$0(OLS)http://pul/name/102201 245 13$aLa Chiesa, Maria e il cristiano: un'antropologia mariana a partire da un'ecclesiologia trinitaria :$bpercorso attraverso il De Ecclesia Christi e il De Immaculato Deiparae semper Virginis Conceptu di Carlo Passaglia /$cValfredo Maria Rossi. 260 $aAssisi :$b[s.n.],$c2017. 300 $a410 p. ;$c24 cm 502 $aTesi -- Pontificia Università Gregoriana. Facoltà di teologia, 2017. 504 $aBibliografia: p.[375]-401. 600 14$aPassaglia, Carlo,$cS.I.,$d1812-1887.$0(OLS)http://pul/subject/4740 710 2 $aPontificia Università Gregoriana.$bFacoltà di teologia.$kTesi.$0(OLS)http://pul/name/81592 850 $aPUL 852 $aPUL$W1$xDP1 Tesi Pon. Univ. Gregoriana$y40$m2017 B 38$j191014$qTesi$B193891$CPULBib$Z2$F193891 $81 941 1 $a16 996 $6245$aLa Chiesa, Maria e il cristiano: un'antropologia mariana a partire da un'ecclesiologia trinitaria :$bpercorso attraverso il De Ecclesia Christi e il De Immaculato Deiparae semper Virginis Conceptu di Carlo Passaglia$9(OLS)http://pul/title/199411 996 $6260$aAssisi :$b[s.n.]$9(OLS)http://pul/publisher/63140